000
00329 a2200157 4500
001
49015
040
_c
Anchieta - Bela Vista
100
_a
Dreguer, Ricardo
240
1
0
_a
Bia na África
_l
por
245
1
0
_a
Bia na África
300
_a
47
362
0
_a
2007
440
1
_a
Moderna
650
4
_a
Literatura juvenil
942
_c
BK
999
_c
49015
_d
49015